| 000 | 00504nam a2200193Ia 4500 | ||
|---|---|---|---|
| 005 | 20250425162111.0 | ||
| 008 | 250425s9999 xx 000 0 und d | ||
| 020 | _a0133383687 | ||
| 041 | _aeng | ||
| 082 | _a604.2 | ||
| 245 | 0 | _aFUNDAMENTALS OF ENGINEERING DRAWING: FOR DESIGN PRODUCT DEVELOPMENT AND NUMERICAL CONTROL | |
| 250 | _a7TH ED. | ||
| 260 |
_aEstados Unidos _bPRENTICE-HALL _c1977 |
||
| 260 | _aS.L. | ||
| 300 | _a620 | ||
| 650 | _aDIBUJO MECANICO | ||
| 942 | _c01 | ||
| 010 | _a50026 | ||
| 999 |
_c222335 _d222335 |
||